000 00600cam a22001935a 4500
001 L156012
008 120424s1822 xxk f 000 0 eng d
035 _a(Sirsi) u156012
041 0 _aeng
100 1 _aMirehouse, John
_d1789-1850
245 0 2 _aA practical treatise on the law of tithes
250 _a2nd ed., with additions
260 _aLondon
_bPrinted by A. Strahan for J. Butterworth and J. Cooke
_c1822
300 _axliv, 336 p.
_c24 cm.
583 _aCondition reviewed
_c20120620
_lcondition level 4
651 4 _aGreat Britain
_y1707-
690 _aFinance and taxation
942 _n0
999 _c113978
_d113978